000 00672nam a2200229Ia 4500
003 GCL
008 140319s9999 xx 000 0 ara d
040 _aGCL /
_cGCL
082 0 4 _a615.537
_bم ا
100 1 _aمحمد حماد
245 1 0 _aالعلاج الطبيعى والنباتى /
_cمحمد حماد
700 1 _aمحمد رجائى
260 _a[S.N] :
_bالهيئة المصرية العامة للكتاب ،
_c1990
490 _a
650 0 4 _aالطب
650 0 4 _aالطب العربى
650 0 4 _aالطب النبوى
650 0 4 _aالعلاج
650 0 4 _aالنباتات الطبية
650 0 4 _aالنبات
942 _2ddc
_cBK
999 _c58827
_d58827